|
|
|
|
| LEADER |
00000nam0a2200000 4500 |
| 001 |
24832 |
| 005 |
20231101205631.0 |
| 035 |
|
|
|a (RuTPU)RU\TPU\book\25064
|
| 035 |
|
|
|a BOOK00000019
|
| 090 |
|
|
|a 24832
|
| 100 |
|
|
|a 20011209d2000 m y0rusy50 ca
|
| 101 |
0 |
|
|a rus
|
| 102 |
|
|
|a RU
|
| 105 |
|
|
|a y j 000zy
|
| 200 |
1 |
|
|a Компьютерный лабораторный практикум по теории линейных электрических цепей
|e учебное пособие
|f А. П. Зайцев
|g Томский политехнический университет
|
| 210 |
|
|
|a Томск
|c Изд-во ТПУ
|d 2000
|
| 215 |
|
|
|a 127 с.
|
| 606 |
1 |
|
|a Электрические цепи
|x Расчет на вычислительных машинах
|2 stltpush
|3 (RuTPU)RU\TPU\subj\27753
|9 51454
|
| 610 |
1 |
|
|a линейные цепи
|
| 610 |
1 |
|
|a теория
|
| 610 |
1 |
|
|a моделирующие программы
|
| 610 |
1 |
|
|a лабораторный практикум
|
| 610 |
1 |
|
|a учебные пособия
|
| 610 |
1 |
|
|a дистанционное обучение
|
| 610 |
1 |
|
|a труды учёных ТПУ
|
| 675 |
|
|
|a 621.3.011.7:681.3(076.5)
|v 3
|
| 700 |
|
1 |
|a Зайцев
|b А. П.
|c специалист в области автоматического управления
|c доцент Томского политехнического университета
|f 1937-
|g Александр Петрович
|2 stltpush
|3 (RuTPU)RU\TPU\pers\29358
|
| 712 |
0 |
2 |
|a Томский политехнический университет
|2 stltpush
|3 (RuTPU)RU\TPU\col\376
|
| 801 |
|
0 |
|a RU
|b 63413507
|c 20011209
|g PSBO
|
| 801 |
|
2 |
|a RU
|b 63413507
|c 20231016
|g PSBO
|
| 942 |
|
|
|c BK
|